000 00605nam a2200169Ia 4500
005 20250508163529.0
008 008 250505s9999 xx 000 0 eng d
037 _aTextual
040 _aFEDL
_beng
_cFEDL
041 _aeng
_2eng
084 _a365.6, IND
_qFEDL
245 0 _aReport of national expert committee on women prisoners. 2 Vols
245 0 _cGovernment of India Ministry of Human Resoruce Development. Deptt. of Women and Child Development
260 _aNew Delhi, India
_bDepartment of women and child development
942 _cTEXL
_h365.6, IND
999 _c1383906
_d1383906